La inconstitucionalidad por omisión legislativa
Salvato in:
| Altri autori: | |
|---|---|
| Natura: | Libro |
| Lingua: | spagnolo |
| Pubblicazione: |
Santiago
Metropolitana
2010
|
| Soggetti: | |
| Tags: |
Aggiungi Tag
Nessun Tag, puoi essere il primo ad aggiungerne!!
|
MARC
| LEADER | 00000nam a2200000 a 4500 | ||
|---|---|---|---|
| 001 | UCG1652 | ||
| 003 | CL-VaPUC | ||
| 008 | 100513e20100000CL |||||||||||||||||spa|d | ||
| 020 | |a 97895628611113 | ||
| 082 | 0 | 4 | |a 340.1 |b DOR |2 21 |
| 100 | |a Dorn Garrido, Carlos |e editor |9 549643 | ||
| 245 | 1 | 3 | |a La inconstitucionalidad por omisión legislativa |
| 300 | |a 453 p | ||
| 942 | |c BK | ||
| 945 | |d 20100513 00:00:00 |a rbrito | ||
| 260 | |a Santiago |b Metropolitana |c 2010 | ||
| 650 | 0 | |a Inconstitucionalidad |9 403725 | |
| 650 | 0 | |a Delitos de omisión |9 491507 | |
| 650 | 7 | |a OMISION LEGISLATIVA |2 CL-VaPUC |9 549644 | |
| 583 | |a last modification |c 20100513 00:00:00 |k Rodrigo Vera | ||
| 999 | |c 340954 |d 340952 | ||
| 952 | |0 0 |1 0 |4 0 |6 340_100000000000000_DOR_2010 |7 0 |8 A |9 436124 |a BIBDER |b BIBDER |d 2019-11-22 |i 4675061 |o 340.1 DOR 2010 |p 4675061 |r 2023-01-25 |w 2019-11-22 |y BK |k DER | ||